02096nam a2200253 u 4500001000800000005001700008008004100025020001800066035001200084040001300096041000800109082000800117100004100125245005200166260003000218300001800248520135200266650004001618650002101658650003501679650005101714650003701765700004001802142049420260508090403.0150909s2015 spa  a9789587672343 a1420494 ccomduadb aspa 4a34410aZarama Vásquez, Fernando4auteaut10aReforma tributaria comentada : Ley 1739 de 2014 aBogotá :bLegis,c2015. a286 páginas3 aCada vez que se aprueba en nuestro país una reforma tributaria, los ciudadanos se preguntan el Porqué y el Para Qué de otra reforma tributaria? La Reforma Tributaria de la Ley 1739 de 2014, constituye una reforma de corto alcance y con fines recaudatorios, que busca restituir los impuestos que se perdían o disminuían a partir del 2015, y darle al Estado unos ingresos de 12,5 billones de pesos, que constituía el faltante establecido en la ley de Presupuesto de 2015. La propia ley se autodefine como recaudatoria o de financiación y ordenó crear una comisión especial de expertos, para elaborar un estudio que fuera base para la reforma tributaria estructural, la cual se presentaría a finales del 2015, con lo cual hay un claro reconocimiento del alcance coyuntural de esta reforma. La importancia del análisis de esta nueva reforma tributaria no radica en sí misma, sino en cuanto constituye una oportunidad para pensar en el sistema tributario, en medio de una gran polémica sobre el mismo y el futuro fiscal. La Ley 1739 del 2014 es una reforma tributaria planteada con un carácter netamente recaudatorio e interino, en espera de la anhelada reforma estructural. Sin embargo, la misma ha traído cambios sumamente relevantes en impuestos, así como la tradicional serie de amnistías para los contribuyentes. 7aReforma tributaria zColombia2lemb aLey 1739 de 2014 7aImpuestos sobre la renta2lemb aImpuesto sobre la renta para la equidad (CREE) aColombia - Leyes, Decretos, etc.10aZarama Martínez, Camilo4auteaut